zpět

Detail výsledku týmu

U Buriana, Třinec

Datum a čas kvízu

33.5 Celkem bodů Celkový počet nahraných bodů na tomto kvízu bez doplňovacích otázek.
7. Pořadí na kvízu Konečné umístění týmu na tomto kvízu.

Zaznamenané odpovědi

# Otázka Odpověď Body Výsledky
1. Minulý týden projednával Městs... krabice od banánů, Lidl 1
2. Ve kterém městě zahajoval Kare... v Ottawě 1
3. Minulý týden vystoupila rovnou... Dua Lipa; Na ostří nože 1
4. Jak se jmenuje horská chata le... Luční bouda 1
5. Dvojnásobná grandslamová šampi... Jiří Novák 1
6. Milovníci komiksů se každoročn... Comic-Con 1
7. Jak se jmenuje zvíře, které je... Garfield 1
8. Jedním z nejoblíbenějších komi... 1A 2B 3D 4C 1
9. Jak se jmenuje muž, který nakr... Kája (Karel) Saudek 0
10. V současné době vychází v komi... Karel Jaromír Erben, Kytice 0